000 00693cam a2200229 4500
001 WB3610-21
008 000000n2000 000 0 eng u
035 _a(Sirsi) u104623
245 _aPlan to develop urban sites
260 _c2000
490 _aWestern Mail
_v 4 March 2000, 36(1)
520 _aRedrow Homes unveils £210m plan to develop housing mostly on brownfield sites. Under this plan over 3/4 of Redrow's new housing will be in brownfield areas.
590 _aWB
650 _aREDROW
650 _aBROWNFIELD LAND
650 _aSURREY
650 _aDOCKLANDS
650 _aMANCHESTER
650 _aURBAN REDEVELOPMENT
690 _aHOUSING-DEVELOPMENT
942 _n0
999 _c62774
_d62774